| 000 | 00374nam a2200133Ia 4500 | ||
|---|---|---|---|
| 008 | 220217s9999||||xx |||||||||||||| ||und|| | ||
| 020 | _a0-07-463881-5 | ||
| 082 | _a004.6 SIM | ||
| 100 |
_aShimmin, Bradley, F Klingler, Steven, P _91957 |
||
| 245 | 0 | _awindows 98 networking | |
| 260 |
_aTata mcgraw hill _bNew Delhi _c1999 |
||
| 300 | _b0 | ||
| 650 | _aCOMPUTER NETWORK | ||
| 999 |
_c167856 _d167856 |
||